La desmesura de la calma

Guardat en:
Dades bibliogràfiques
Autor principal: Correa, Eduardo (Autor)
Format: Llibre
Idioma:espanyol
Publicat: Viña del Mar Altazor 1999
Matèries:
Etiquetes: Afegir etiqueta
Sense etiquetes, Sigues el primer a etiquetar aquest registre!

MARC

LEADER 00000cam a2200000 a 4500
001 UCF2592
003 CL-VaPUC
008 120830e19990000CL |||||||||||||||||spa|d
020 |a 9567472130 
082 0 4 |a Ch863  |b COR  |2 21 
100 0 |a Correa, Eduardo  |e author  |9 564295 
245 1 3 |a La desmesura de la calma 
300 |a 84 p 
942 |c BK 
945 |d 20120830 00:00:00  |a dcastane 
260 |a Viña del Mar  |b Altazor  |c 1999 
650 0 |a Cuentos chilenos   |9 308280 
650 0 |a Literatura chilena   |9 308278 
583 |a last modification  |c 20150924 21:40:41  |k Rodrigo Vera 
999 |c 349134  |d 349132 
952 |0 0  |1 0  |4 0  |6 CH_863_000000000000000_COR_1999  |7 0  |8 A  |9 451594  |a BIBEDU  |b BIBEDU  |d 2019-11-22  |i 4896645  |o Ch863 COR 1999  |p 4896645  |r 2019-11-22  |w 2019-11-22  |y BK  |k LIT